|
|
|
|
| LEADER |
00000nam0a2200000 4500 |
| 001 |
111938 |
| 005 |
20231031121039.0 |
| 035 |
|
|
|a (RuTPU)RU\TPU\book\120905
|
| 090 |
|
|
|a 111938
|
| 100 |
|
|
|a 20070321d1974 km y0rusy50 ca
|
| 101 |
0 |
|
|a rus
|
| 102 |
|
|
|a UA
|
| 105 |
|
|
|a a z 001zy
|
| 200 |
1 |
|
|a Сопротивляемость горных пород отрыву
|f Л. И. Барон, Л. Г. Керекилица
|g Академия наук Украинской ССР, Институт геотехнической механики (АН УССР ИГМ); под ред. М. Ф. Друкованого
|
| 210 |
|
|
|d 1974
|a Киев
|c Наукова думка
|
| 215 |
|
|
|a 192 с.
|c ил.
|
| 320 |
|
|
|a Литература: с. 185-190.
|
| 610 |
1 |
|
|a сопротивляемость
|
| 610 |
1 |
|
|a горные породы
|
| 610 |
1 |
|
|a испытание
|
| 675 |
|
|
|a 622.23.02
|v 3
|
| 700 |
|
1 |
|a Барон
|b Л. И.
|g Лазарь Израилевич
|
| 701 |
|
1 |
|a Керекилица
|b Л. Г.
|g Людмила Георгиевна
|
| 702 |
|
1 |
|a Друкованый
|b М. Ф.
|4 340
|
| 712 |
0 |
2 |
|a Академия наук Украинской ССР
|b Институт геотехнической механики (АН УССР ИГМ)
|2 stltpush
|3 (RuTPU)RU\TPU\col\11530
|
| 801 |
|
1 |
|a RU
|b 63413507
|c 20070321
|g PSBO
|
| 801 |
|
2 |
|a RU
|b 63413507
|c 20071119
|g PSBO
|
| 942 |
|
|
|c BK
|